| 000 | 01099nam0a22003011 4500 | ||
|---|---|---|---|
| 001 | rc\327940 | ||
| 005 | 20260406060131.0 | ||
| 010 |
_a5-289-00282-0 _950000 |
||
| 035 | _a(NLR Aleph) 005561672 | ||
| 090 |
_a5918061 _c5918061 |
||
| 100 | _a20030307d1989 |||y0rusy50 ca | ||
| 101 | 0 | _arus | |
| 102 | _aRU | ||
| 105 | _aa ||||||||| | ||
| 200 | 1 |
_aВ.А. Антонов-Овсеенко _eИст.-биогр. очерк |
|
| 205 | _a[2-е изд., испр. и доп.] | ||
| 210 |
_aЛ. _cЛениздат _d1989 |
||
| 215 |
_a350, [1] с. _cил. _d17 |
||
| 225 | 1 | _aЖизнь славных революционеров-большевиков | |
| 320 | _aБиблиогр. в примеч.: с. 328-342 | ||
| 600 | 1 |
_aАнтонов-Овсеенко _bВ.А. _gВладимир Александрович _2psbo |
|
| 700 | 1 |
_7ca _8rus _aАнтонов-Овсеенко _bА. В. _f1920-2013 _gАнтон Владимирович _9120178 _3RU\NLR\AUTH\7710401 |
|
| 801 | 0 |
_aRU _bNLR _gpsbo |
|
| 801 | 1 |
_aRU _bELAR _2rusmarc |
|
| 852 |
_aNLR _j89-2/523 |
||
| 942 | _cBOOK | ||
| 980 | _aNB | ||